| 000 | 00667nam a2200217Ia 4500 | ||
|---|---|---|---|
| 001 | 5704 | ||
| 003 | GE_BSU | ||
| 008 | 181216s||||||||xx |||||||||||||| ||und|| | ||
| 040 | _cGE_BSU | ||
| 080 | _a5176.2+517.3 | ||
| 100 | _aБанах, С | ||
| 245 | _aДифференциальное и интегральное исчисление | ||
| 245 | _cПер. с польски ред С.И.Зуховицуого | ||
| 250 | _aИзд.3-е испр. | ||
| 260 | _aМосква | ||
| 260 | _bНаука | ||
| 260 | _c1972. | ||
| 300 | _a423 с.22см. | ||
| 653 | _aДифференциальное и интегральное исчисление | ||
| 942 | _cBK | ||
| 999 |
_c39123 _d39123 |
||